00873nam a22001937a 4500003000900000008004100009040007100050082001800121100002100139245005500160260003500215300002800250440004600278505027400324650001300598650001700611650001700628700003400645AR-CdUCM190312b ||||| |||| 00| 0 spa d aMUNICIPALIDAD PROVINCIAL DEL CUSCOcBIBLIOTECA MUNICIPAL DEL CUSCO a959.7 /bAR74 aArnault, Jacques aViet - Nam :bDel colonialismo a la liberación / aBuenos Aires :bArandu,c1965. a188 páginas ;c18 cm. aColección foro Polémico, bolsillo.n2 aContenido: Preguntas en busca de respuestas -- Breve historia del Viet - Nam -- ¿Por qué venció en ejercito popular? -- El pensamiento sociólogo y filosófico desde 1917 -- La política del frente nacional unido -- La aventura bélica yanqui en Indochina ... aViet-Nam aColonialismo aRevolución aGojman, Silvia (traducción)